Manual de prácticas de fisiología / (Registro nro. 10075)
[ vista simple ]
| 000 -LEADER | |
|---|---|
| fixed length control field | 01136nam a2200265 a 4500 |
| 001 - CONTROL NUMBER | |
| control field | 10075 |
| 005 - DATE AND TIME OF LATEST TRANSACTION | |
| control field | 20180713194121.0 |
| 008 - FIXED-LENGTH DATA ELEMENTS--GENERAL INFORMATION | |
| fixed length control field | 140415s1970 mx a r 000 0 spa d |
| 040 ## - CATALOGING SOURCE | |
| Original cataloging agency | MX-PuUPA |
| Language of cataloging | spa |
| Description conventions | rda |
| Transcribing agency | Mx-PuUPA |
| Modifying agency | Mx-PuUPA |
| 041 0# - LANGUAGE CODE | |
| Language code of text/sound track or separate title | spa |
| 082 0# - DEWEY DECIMAL CLASSIFICATION NUMBER | |
| Classification number | 574.1 |
| Item number | ARM |
| 100 1# - MAIN ENTRY--PERSONAL NAME | |
| Personal name | Armstrong, George Gilbert, |
| Relator term | autor |
| 240 10 - UNIFORM TITLE | |
| Uniform title | Laboratory manual for Guytons function of the human body. |
| Language of a work | Español |
| 245 10 - TITLE STATEMENT | |
| Title | Manual de prácticas de fisiología / |
| Statement of responsibility, etc. | Dr. George G. Armstrong ; traducido al español por el Dr. Roberto Folch Fabre ; prologuista Arthur C. Guyton. |
| 250 ## - EDITION STATEMENT | |
| Edition statement | Segunda edición |
| 264 #1 - PRODUCTION, PUBLICATION, DISTRIBUTION, MANUFACTURE, AND COPYRIGHT NOTICE | |
| Place of production, publication, distribution, manufacture | México, D.F. : |
| Name of producer, publisher, distributor, manufacturer | Editorial Intermaericana, |
| Date of production, publication, distribution, manufacture, or copyright notice | 1970 |
| 300 ## - PHYSICAL DESCRIPTION | |
| Extent | xi, 268 páginas : |
| Other physical details | ilustraciones ; |
| Dimensions | 28 cm. |
| 336 ## - CONTENT TYPE | |
| Content type term | texto |
| Source | rdacontent |
| 337 ## - MEDIA TYPE | |
| Media type term | sin mediación |
| Source | rdamedia |
| 338 ## - CARRIER TYPE | |
| Carrier type term | volumen |
| Source | rdacarrier |
| 650 #4 - SUBJECT ADDED ENTRY--TOPICAL TERM | |
| Topical term or geographic name entry element | Fisiología |
| General subdivision | Manual |
| 700 1# - ADDED ENTRY--PERSONAL NAME | |
| Personal name | Folch Fabre, Roberto, |
| Relator term | traductor |
| 700 1# - ADDED ENTRY--PERSONAL NAME | |
| Personal name | Guyton, Arthur C., |
| Fuller form of name | (Clifton), |
| Dates associated with a name | 1919-2003, |
| Relator term | próloguista |
| 700 1# - ADDED ENTRY--PERSONAL NAME | |
| Relationship information | Traducción de: |
| Personal name | Armstrong, George Gilbert, |
| Title of a work | Laboratory manual for Guytons function of the human body. |
| Language of a work | Español |
| Withdrawn status | Lost status | Source of classification or shelving scheme | Damaged status | Not for loan | Collection code | Home library | Current library | Shelving location | Date acquired | Source of acquisition | Inventory number | Total Checkouts | Full call number | Barcode | Date last seen | Price effective from | Koha item type |
|---|---|---|---|---|---|---|---|---|---|---|---|---|---|---|---|---|---|
| Dewey Decimal Classification | Referencia | Biblioteca Karol Wojtyla | Biblioteca Karol Wojtyla | Área de silencio | 03/12/2013 | Compra | 151000000000000000067711 | 574.1 ARM 1970 | 2475 | 05/01/2026 | 02/07/2018 | Libro R |